Control presupuestario (Registro nro. 1900)
[ vista simple ]
| 000 -LEADER | |
|---|---|
| fixed length control field | 01930 a2200217 4500 |
| 001 - CONTROL NUMBER | |
| control field | 29593 |
| 005 - DATE AND TIME OF LATEST TRANSACTION | |
| control field | 20260407155605.0 |
| 008 - FIXED-LENGTH DATA ELEMENTS--GENERAL INFORMATION | |
| fixed length control field | 260407a1962 arg spa d |
| 003 - CONTROL NUMBER IDENTIFIER | |
| control field | AR-UNSa-BCEJYS |
| 040 ## - CATALOGING SOURCE | |
| Original cataloging agency | AR-UNSa-BCEJYS |
| Language of cataloging | spa |
| Transcribing agency | AR-UNSa-BCEJYS |
| 080 ## - UNIVERSAL DECIMAL CLASSIFICATION NUMBER | |
| Universal Decimal Classification number | 657.312 |
| Common auxiliary subdivision | Tipo de presupuestos |
| 100 1# - MAIN ENTRY--PERSONAL NAME | |
| Personal name | Jonio, Fernand |
| 245 10 - TITLE STATEMENT | |
| Title | Control presupuestario |
| 264 #1 - PRODUCTION, PUBLICATION, DISTRIBUTION, MANUFACTURE, AND COPYRIGHT NOTICE | |
| Place of production, publication, distribution, manufacture | Barcelona : |
| Name of producer, publisher, distributor, manufacturer | Sagitario |
| Date of production, publication, distribution, manufacture, or copyright notice | 1962 |
| 300 ## - PHYSICAL DESCRIPTION | |
| Extent | 157 p. |
| Dimensions | 22 cm. |
| 505 ## - FORMATTED CONTENTS NOTE | |
| Formatted contents note | Parte I: 1. Preliminares - 2. La previsión - 3. EL standard - 4. El presupuesto - 5. Determinación de los standards y de los presupuestos - 6. El control presupuestario - 7. Condiciones previas para la aplicación del control presupuestario - 8. Elaboración de los presupuestos funcionales - 9. El presupuesto de producción - 10. El presupuesto de mantenimiento - 11. El presupuesto de distribución - 12. El presupuseto de los aprovisionamientos y de los stocks - 13. El presupuesto de administración - 14. El presupuesto de financiación - 15. El presupuesto de las inversiones - 16. El presupuesto general - 17. El presupuesto flexible -- Parte II: 18. Estudio de las diferencias de ejecución o desviaciones - 19. Naturaleza y causa de las variaciones o desviaciones - 20. Fórmula de determinación de las variaciones o desviaciones - 21. Aplicación del estudio de las variaciones o desviaciones - 22. Examen de los costes semi-directos de las secciones - 23. Examen de los costes indirectos de las secciones - 24. Examen de los presupuestos de las secciones auxiliares - 25. Examen del precio de coste de producción - 26. Examen del presupuesto de los stocks fabricados - 27. Algunas observaciones sobre los presupuestos de distribución y de administración - 28. El control presupuestario elemento esencial para el desarrollo de las empresas |
| 590 ## - LOCAL NOTE (RLIN) | |
| Local note | niveau_biblio:m niveau_hierar:0 |
| 700 1# - ADDED ENTRY--PERSONAL NAME | |
| Personal name | Plaindoux, G. |
| 700 1# - ADDED ENTRY--PERSONAL NAME | |
| Personal name | Garcia Martin, A. |
| 942 ## - ADDED ENTRY ELEMENTS (KOHA) | |
| Koha item type | |
| Withdrawn status | Lost status | Damaged status | Not for loan | Home library | Current library | Shelving location | Date acquired | Total checkouts | Full call number | Barcode | Date last seen | Price effective from | Koha item type |
|---|---|---|---|---|---|---|---|---|---|---|---|---|---|
| Biblioteca Prof. Eusebio Cleto del Rey | Biblioteca Prof. Eusebio Cleto del Rey | 07/04/2026 | 657.312 J76 | L21185 | 07/04/2026 | 07/04/2026 | Libro | ||||||
| Biblioteca Prof. Eusebio Cleto del Rey | Biblioteca Prof. Eusebio Cleto del Rey | 07/04/2026 | 657.312 J76 | L23273 | 07/04/2026 | 07/04/2026 | Libro |